Normal view
MARC view
Entry Topical Term
001 - CONTROL NUMBER
- control field: 7394
003 - CONTROL NUMBER IDENTIFIER
- control field: HDC
005 - DATE AND TIME OF LATEST TRANSACTION
- control field: 20230624073244.0
008 - FIXED-LENGTH DATA ELEMENTS
- fixed length control field: 210126|| aca||aabn | a|a d
040 ## - CATALOGING SOURCE
- Original cataloging agency: HDC
- Transcribing agency: HDC
150 ## - HEADING--TOPICAL TERM
- Topical term or geographic name entry element: Thai rice
670 ## - SOURCE DATA FOUND
- Source citation: Work cat.: (HDC): Thailand Rice Conference 2007, Bangkok, 11-12 May 2007 7393, Certified Non-GM and variety identified rice: A key selling point of Thai rice into the regulated global markets / by, 2007
